000 00443nam a2200181Ia 4500
001 19424
005 20260306172652.0
008 260306t2016||||xx |||||||||||||| ||spa||
041 _aESP
082 _a344C4
_bG81 2016
110 _aEditora y Librería Jurídica Grijley E.I.R.L.
245 0 _aCódigo penal
260 _c2016
300 _axvi, 1135 páginas :
_c20 cm.
650 _aGEN
654 _aCDE
942 _cLIB
_dJUS
_fJUS
_2ddc
_n
999 _c19424
_d19424